| 000 | 00377nam a2200157Ia 4500 | ||
|---|---|---|---|
| 008 | 231217s9999 xx 000 0 und d | ||
| 020 | _a0-394-72903-X | ||
| 041 | _aEnglish | ||
| 082 | _a658.82 OGI R | ||
| 100 | _aOgilvy, David | ||
| 245 | 0 | _aOgilvy on advertising | |
| 260 |
_c1983 _bVintage _aNew York |
||
| 300 | _a224 | ||
| 650 | _aOgilvy,advertising | ||
| 942 | _cAA | ||
| 999 |
_c176780 _d176780 |
||